Sports Quiz

Random Sports or NFL Quiz

2010-2011 NFL Starting Quarterbacks Quiz Stats

 Plays Quiz not verified by Sporcle

Support Sporcle.
Go Orange.
Score 0/63 Timer 06:00
0 Plays Today
Team Player % Correct
Indianapolis ColtsPeyton Manning
96.9%
Baltimore RavensJoe Flacco
96.5%
New York GiantsEli Manning
96.5%
New England PatriotsTom Brady
92.9%
Cincinnati BengalsCarson Palmer
92.3%
Pittsburgh SteelersBen Roethlisberger
90.9%
Green Bay PackersAaron Rodgers
90.4%
New Orleans SaintsDrew Brees
88.4%
Houston TexansMatt Schaub
87.2%
Atlanta FalconsMatt Ryan
87%
San Diego ChargersPhillip Rivers
86.4%
Chicago BearsJay Cutler
86.3%
Dallas CowboysTony Romo
86.2%
New York JetsMark Sanchez
86.2%
San Francisco 49ersAlex Smith
85.9%
Philadelphia EaglesMichael Vick
85.8%
Detroit LionsMatthew Stafford
85.2%
San Francisco 49ersTroy Smith
85.1%
Tennessee TitansRusty Smith
85%
Minnesota VikingsBrett Favre
82.8%
Seattle SeahawksMatt Hasselbeck
80.5%
Denver BroncosKyle Orton
80.3%
Buffalo BillsRyan Fitzpatrick
78.9%
Kansas City ChiefsMatt Cassel
78%
St. Louis RamsSam Bradford
77.9%
Washington RedskinsDonovan Mcnabb
77.6%
Denver BroncosTim Tebow
76.9%
Jacksonville JaguarsDavid Garrard
76.2%
Tampa Bay BuccaneersJosh Freeman
75.1%
Tennessee TitansVince Young
75.1%
Miami DolphinsChad Henne
74.9%
Minnesota VikingsTavaris Jackson
68.8%
Team Player % Correct
Tennessee TitansKerry Collins
68.4%
Cleveland BrownsJake Delhomme
68.4%
Philadelphia EaglesKevin Kolb
68%
Oakland RaidersJason Campbell
68%
Dallas CowboysJon Kitna
67.8%
Chicago BearsTodd Collins
67.6%
Arizona CardinalsDerek Anderson
67.4%
Cleveland BrownsColt McCoy
67.3%
Green Bay PackersMatt Flynn
66.5%
Pittsburgh SteelersCharlie Batch
64.3%
Carolina PanthersJimmy Clausen
59.6%
Washington RedskinsRex Grossman
58.9%
Miami DolphinsChad Pennington
57.2%
Carolina PanthersMatt Moore
55.1%
Pittsburgh SteelersDennis Dixon
52.5%
Detroit LionsShaun Hill
50.6%
Jacksonville JaguarsTrent Edwards
50%
Buffalo BillsTrent Edwards
50%
Cleveland BrownsSeneca Wallace
49.9%
Oakland RaidersBruce Gradkowski
46.1%
Seattle SeahawksCharlie Whitehurst
45.4%
Minnesota VikingsJoe Webb
45%
Arizona CardinalsJohn Skelton
37.7%
Miami DolphinsTyler Thigpen
34.6%
Detroit LionsDrew Stanton
33.5%
Arizona CardinalsMax Hall
30.8%
Kansas City ChiefsBrodie Croyle
30.7%
Dallas CowboysStephen McGee
20.7%
Carolina PanthersBrian St. Pierre
16.6%
Buffalo BillsBrian Brohm
16.2%
Jacksonville JaguarsTodd Bouman
13.8%

You're not logged in!

Compare scores with friends on all Sporcle quizzes.
OR
Log In

From the Vault

NBA Finals MVPs for Multiple Franchises

by aw15

It's important to recognize the most valuable members of the team.
Remove Ads.
Support Sporcle.
Get the best of Sporcle when you Go Orange. This ad-free experience offers more features, more stats, and more fun while also helping to support Sporcle. Thank you for becoming a member.

Show Comments

Extras

Top Quizzes Today


Score Distribution

Your Account Isn't Verified!

In order to create a playlist on Sporcle, you need to verify the email address you used during registration. Go to your Sporcle Settings to finish the process.

Report this User

Report this user for behavior that violates our Community Guidelines.

Details: